000
00261nam a22001097a 4500
041
_a
ENG
245
_a
Economic Survey - 2005-2006
260
_a
Delhi
_b
Government of India
_c
2005
300
_a
s-117
650
_a
Competitlve Exam
856
_u
Competitlve Exam ( 36 )
999
_c
930
_d
930